[Event "Niedersachsen-ch op B"]
[Site "Verden"]
[Date "2018.01.06"]
[Round "6"]
[White "Neumann, Tiemon"]
[Black "Aldegeerds, Julian"]
[Result "0-1"]
[WhiteElo "1647"]
[BlackElo "1789"]
[PlyCount "84"]
[EventDate "2018.01.04"]
[EventType "swiss"]
[EventRounds "7"]
[EventCountry "GER"]
[SourceTitle "EXT 2022"]
[Source "ChessBase"]
[SourceDate "2021.10.06"]
[SourceVersion "1"]
[SourceVersionDate "2021.10.06"]
[SourceQuality "1"]

1. e4 c5 2. Nf3 Nc6 3. d4 cxd4 4. Nxd4 Nf6 5. Nc3 e5 6. Ndb5 d6 7. Nd5 Nxd5 8. exd5 Nb8 9. Be3 a6 10. Nc3 g6 11. Bd3 Bg7 12. Qd2 0-0 13. Bh6 f5 14. h4 e4 15. Be2 Qf6 16. h5 Bxh6 17. Qxh6 g5 18. Qxf6 Rxf6 19. h6 Nd7 20. 0-0-0 Ne5 21. Na4 b5 22. Nb6 Rb8 23. Nxc8 Rxc8 24. Rh5 Nf7 25. g4 f4 26. Rd4 Re8 27. a4 e3 28. f3 Rxh6 29. Rxh6 Nxh6 30. axb5 axb5 31. Rb4 Ra8 32. Kb1 Ra5 33. Rxb5 Rxb5 34. Bxb5 Nf7 35. Be2 Ne5 36. b4 Kf7 37. c4 Ke7 38. c5 h5 39. gxh5 dxc5 40. bxc5 g4 41. fxg4 f3 42. Bxf3 Nxf3 0-1

[Event "Niedersachsen-ch op B"]
[Site "Verden"]
[Date "2018.01.04"]
[Round "1"]
[White "Aldegeerds, Julian"]
[Black "Ter Stal, Esther"]
[Result "1/2-1/2"]
[WhiteElo "1789"]
[BlackElo "1579"]
[PlyCount "53"]
[EventDate "2018.01.04"]
[EventType "swiss"]
[EventRounds "7"]
[EventCountry "GER"]
[SourceTitle "EXT 2022"]
[Source "ChessBase"]
[SourceDate "2021.10.06"]
[SourceVersion "1"]
[SourceVersionDate "2021.10.06"]
[SourceQuality "1"]

1. e4 c6 2. Nf3 d5 3. exd5 cxd5 4. Ne5 Nf6 5. d4 Bf5 6. c3 Nbd7 7. Nd2 e6 8. Bb5 a6 9. Ba4 b5 10. Bc2 Bxc2 11. Qxc2 Rc8 12. 0-0 Be7 13. f4 0-0 14. a4 b4 15. Qd3 Qb6 16. c4 dxc4 17. Ndxc4 Qa7 18. Be3 Rfd8 19. Rac1 Nd5 20. Rfd1 N7b6 21. Na5 Rxc1 22. Rxc1 Rc8 23. Nac6 Qb7 24. a5 Na4 25. Kf2 b3 26. Nxe7+ Nxe7 27. Rxc8+ 1/2-1/2

[Event "Niedersachsen-ch op B"]
[Site "Verden"]
[Date "2018.01.04"]
[Round "2"]
[White "Schaper, Katharina"]
[Black "Aldegeerds, Julian"]
[Result "0-1"]
[WhiteElo "1550"]
[BlackElo "1789"]
[PlyCount "66"]
[EventDate "2018.01.04"]
[EventType "swiss"]
[EventRounds "7"]
[EventCountry "GER"]
[SourceTitle "EXT 2022"]
[Source "ChessBase"]
[SourceDate "2021.10.06"]
[SourceVersion "1"]
[SourceVersionDate "2021.10.06"]
[SourceQuality "1"]

1. d4 d5 2. Nf3 Nf6 3. c4 dxc4 4. e3 c5 5. Bxc4 a6 6. Qb3 e6 7. 0-0 b5 8. Be2 Nbd7 9. Qc2 Bb7 10. Nbd2 Rc8 11. Qd1 Bd6 12. b3 0-0 13. Bb2 Bb8 14. Rc1 Nd5 15. dxc5 Nxc5 16. Nd4 e5 17. Nf5 Qg5 18. Bg4 Nd3 19. Ne4 Qg6 20. Qxd3 Qxg4 21. Nfg3 f5 22. Nc5 Ba8 23. f3 Qg6 24. Nd7 Ba7 25. Nxf8 Rxf8 26. Kh1 Nxe3 27. Rfe1 e4 28. Qe2 Nxg2 29. fxe4 Nxe1 30. Rxe1 fxe4 31. Rf1 e3+ 32. Kg1 Rxf1+ 33. Kxf1 Qb1+ 0-1

[Event "Goch op 25th"]
[Site "Goch"]
[Date "2014.09.05"]
[Round "3"]
[White "Aldegeerds, Julian"]
[Black "Bergmans, Dirk"]
[Result "0-1"]
[WhiteElo "1827"]
[BlackElo "1876"]
[PlyCount "66"]
[EventDate "2014.09.04"]
[EventType "swiss"]
[EventRounds "7"]
[EventCountry "GER"]
[SourceTitle "EXT 2016"]
[Source "ChessBase"]
[SourceDate "2015.10.08"]
[SourceVersion "1"]
[SourceVersionDate "2015.10.08"]
[SourceQuality "1"]

1. e4 c6 2. Nf3 d5 3. exd5 cxd5 4. Ne5 Nc6 5. d4 Nf6 6. c3 Bf5 7. Nd2 h6 8. f4 e6 9. Ndf3 a6 10. Be2 Bd6 11. 0-0 Qc7 12. Nh4 Be4 13. Nxc6 bxc6 14. h3 0-0 15. Bg4 c5 16. f5 e5 17. Bf3 cxd4 18. cxd4 exd4 19. g4 Bh2+ 20. Kh1 Qg3 21. Bxe4 dxe4 22. Bf4 Qxh3 23. Bxh2 Qxh4 24. Qxd4 Nxg4 25. Qd2 Rfd8 26. Qe2 Qxh2+ 27. Qxh2 Nxh2 28. Kxh2 Rd2+ 29. Kg3 Rxb2 30. Rae1 Re8 31. Rf4 Rxa2 32. Rexe4 Rxe4 33. Rxe4 f6 0-1

[Event "Niedersachsen-ch op-A"]
[Site "Verden"]
[Date "2014.01.02"]
[Round "2"]
[White "Aldegeerds, Julian"]
[Black "Prenzler, Daniel"]
[Result "0-1"]
[WhiteElo "1856"]
[BlackElo "2203"]
[PlyCount "58"]
[EventDate "2014.01.02"]
[EventType "swiss"]
[EventRounds "7"]
[EventCountry "GER"]
[SourceTitle "EXT 2016"]
[Source "ChessBase"]
[SourceDate "2015.10.08"]
[SourceVersion "1"]
[SourceVersionDate "2015.10.08"]
[SourceQuality "1"]

1. a3 Nf6 2. c4 g6 3. Nc3 Bg7 4. d4 0-0 5. e4 d6 6. Bd3 c5 7. d5 e6 8. Nge2 exd5 9. exd5 Nbd7 10. Bf4 Qe7 11. 0-0 Nh5 12. Bg3 Ne5 13. Bxe5 Bxe5 14. Qd2 f5 15. f4 Bg7 16. Rae1 Bd7 17. Rf3 Rfe8 18. Nd1 Nf6 19. Nf2 Rab8 20. Kf1 b5 21. cxb5 Bxb5 22. Bxb5 Rxb5 23. Nd1 Ne4 24. Qc2 Qb7 25. Nec3 Bxc3 26. bxc3 c4 27. Ne3 Rb2 28. Qc1 Nd2+ 29. Kg1 Nxf3+ 0-1

[Event "Niedersachsen-ch op-A"]
[Site "Verden"]
[Date "2014.01.02"]
[Round "1"]
[White "Krater, Ruwen"]
[Black "Aldegeerds, Julian"]
[Result "0-1"]
[WhiteElo "1645"]
[BlackElo "1856"]
[PlyCount "100"]
[EventDate "2014.01.02"]
[EventType "swiss"]
[EventRounds "7"]
[EventCountry "GER"]
[SourceTitle "EXT 2016"]
[Source "ChessBase"]
[SourceDate "2015.10.08"]
[SourceVersion "1"]
[SourceVersionDate "2015.10.08"]
[SourceQuality "1"]

1. e4 c5 2. Nc3 Nc6 3. g3 e6 4. Bg2 Nge7 5. Nf3 d5 6. exd5 exd5 7. Qe2 g6 8. d3 Bg7 9. Bg5 0-0 10. 0-0 Re8 11. Qd2 Be6 12. Rfe1 Qd7 13. Na4 b6 14. Nc3 Rac8 15. Qf4 d4 16. Ne4 Nd5 17. Qh4 Ncb4 18. Nf6+ Nxf6 19. Bxf6 Bxf6 20. Qxf6 Nxc2 21. Ne5 Qd8 22. Qxd8 Rexd8 23. Nc6 Rd7 24. Rxe6 Nxa1 25. Re1 Nc2 26. Rc1 Rdc7 27. Rxc2 Rxc6 28. Bxc6 Rxc6 29. a4 f5 30. b4 Kf7 31. Kf1 Ke6 32. b5 Rc8 33. Ke2 Kd5 34. Rc4 Re8+ 35. Kd2 a6 36. h4 axb5 37. axb5 Ra8 38. Rc2 Ra4 39. Rb2 Rb4 40. Ra2 Rxb5 41. Ra8 Rb2+ 42. Ke1 b5 43. Rd8+ Kc6 44. Rh8 c4 45. dxc4 bxc4 46. Rc8+ Kd5 47. f3 c3 48. Rc7 Rh2 49. Rxh7 c2 50. Rc7 d3 0-1

[Event "Niedersachsen-ch U18"]
[Site "Rotenburg"]
[Date "2013.03.27"]
[Round "7"]
[White "Aldegeerds, Julian"]
[Black "Hans, Julian"]
[Result "1-0"]
[WhiteElo "1841"]
[BlackElo "1707"]
[PlyCount "89"]
[EventDate "2013.03.23"]
[EventType "swiss"]
[EventRounds "9"]
[EventCountry "GER"]
[SourceTitle "EXT 2015"]
[Source "ChessBase"]
[SourceDate "2014.11.20"]
[SourceVersion "1"]
[SourceVersionDate "2014.11.20"]
[SourceQuality "1"]

1. e4 e6 2. d4 d5 3. Nd2 Nf6 4. e5 Nfd7 5. Bd3 c5 6. c3 Nc6 7. Ne2 Qb6 8. Nf3 cxd4 9. cxd4 f6 10. exf6 Nxf6 11. 0-0 Bd6 12. Re1 0-0 13. Ng3 Bd7 14. Bg5 Bxg3 15. hxg3 Ng4 16. Bf4 Rae8 17. Bxh7+ Kxh7 18. Ng5+ Kg8 19. Qxg4 Nxd4 20. Qh5 Rf5 21. Qh7+ Kf8 22. Qh8+ Ke7 23. Qxg7+ Kd8 24. Nf7+ Rxf7 25. Qxf7 Qxb2 26. Rac1 Nc6 27. Bg5+ Kc8 28. Rb1 Qa3 29. Rxb7 Qd6 30. Reb1 d4 31. Bd2 d3 32. Bb4 Nxb4 33. R1xb4 d2 34. Rb8+ Kc7 35. R4b7+ Kc6 36. Qf3+ Qd5 37. Qc3+ Kd6 38. Qb4+ Qc5 39. Qxd2+ Qd5 40. Qxd5+ exd5 41. Rxd7+ Kxd7 42. Rxe8 Kxe8 43. f4 Kf7 44. Kf2 Kf6 45. g4 1-0

[Event "Niedersachsen-ch U18"]
[Site "Rotenburg"]
[Date "2013.03.23"]
[Round "2"]
[White "Aldegeerds, Julian"]
[Black "Hampel, Felix"]
[Result "0-1"]
[WhiteElo "1841"]
[BlackElo "2115"]
[PlyCount "74"]
[EventDate "2013.03.23"]
[EventType "swiss"]
[EventRounds "9"]
[EventCountry "GER"]
[SourceTitle "EXT 2015"]
[Source "ChessBase"]
[SourceDate "2014.11.20"]
[SourceVersion "1"]
[SourceVersionDate "2014.11.20"]
[SourceQuality "1"]

1. e4 c5 2. Nf3 e6 3. d4 cxd4 4. Nxd4 Nc6 5. Nc3 Qc7 6. Be3 a6 7. Qd2 Nf6 8. 0-0-0 Bb4 9. f3 Ne5 10. Nb3 b5 11. Kb1 Nc4 12. Bxc4 bxc4 13. a3 Be7 14. Nc1 Bb7 15. Qf2 Bc6 16. N3a2 a5 17. Ne2 Rb8 18. Ka1 Qb7 19. Bd4 Ba4 20. Rd2 0-0 21. g4 d6 22. g5 Nd7 23. h4 Rfc8 24. Bc3 Rc6 25. Qg1 Rb6 26. Qc1 Ra6 27. Nf4 Bc6 28. Rg1 Nc5 29. h5 Na4 30. g6 Nxc3 31. Nxc3 Rb6 32. gxf7+ Kxf7 33. Rdg2 Bf6 34. Rxg7+ Bxg7 35. Rxg7+ Kxg7 36. h6+ Kh8 37. Nxe6 Rxb2 0-1

[Event "Niedersachsen-ch op-A"]
[Site "Verden"]
[Date "2013.01.04"]
[Round "4"]
[White "Aldegeerds, Julian"]
[Black "Jacobi, Felix Hagen"]
[Result "1-0"]
[WhiteElo "1799"]
[BlackElo "1910"]
[PlyCount "97"]
[EventDate "2013.01.03"]
[EventType "swiss"]
[EventRounds "7"]
[EventCountry "GER"]
[SourceTitle "EXT 2014"]
[Source "ChessBase"]
[SourceDate "2013.11.20"]
[SourceVersion "1"]
[SourceVersionDate "2013.11.20"]
[SourceQuality "1"]

1. e4 e6 2. d4 d5 3. Nd2 Nf6 4. e5 Nfd7 5. Bd3 c5 6. c3 Nc6 7. Ndf3 cxd4 8. cxd4 Bb4+ 9. Bd2 Qa5 10. Ne2 Bxd2+ 11. Qxd2 Qxd2+ 12. Nxd2 Nb4 13. Bb1 b5 14. Nc3 a6 15. Nb3 Nc6 16. Ne2 Ke7 17. 0-0 Bb7 18. f4 g6 19. g4 a5 20. Bd3 a4 21. Nd2 Ba6 22. Rac1 Rhc8 23. f5 Ncxe5 24. dxe5 Nxe5 25. Bb1 b4 26. Rfe1 Nxg4 27. Rxc8 Rxc8 28. fxe6 Bxe2 29. exf7 Kxf7 30. Rxe2 Kf6 31. h3 Ne5 32. Kf2 g5 33. Ke3 Nc4+ 34. Nxc4 dxc4 35. Bxh7 Rh8 36. Rf2+ Ke5 37. Bf5 a3 38. bxa3 Ra8 39. axb4 Ra3+ 40. Kd2 Rxa2+ 41. Bc2 Ra3 42. Rf5+ Kd4 43. Rxg5 Rxh3 44. Rg4+ Kd5 45. Be4+ Ke5 46. b5 Kd6 47. b6 Rb3 48. b7 Kc7 49. Bg2 1-0

[Event "Bad Harzburg op 13th"]
[Site "Bad Harzburg"]
[Date "2012.10.31"]
[Round "3"]
[White "Aldegeerds, Julian"]
[Black "Meyer, Ulrich"]
[Result "1/2-1/2"]
[WhiteElo "1784"]
[BlackElo "2067"]
[PlyCount "120"]
[EventDate "2012.10.30"]
[EventType "swiss"]
[EventRounds "8"]
[EventCountry "GER"]
[SourceTitle "EXT 2014"]
[Source "ChessBase"]
[SourceDate "2013.11.20"]
[SourceVersion "1"]
[SourceVersionDate "2013.11.20"]
[SourceQuality "1"]

1. e4 c5 2. Nf3 Nc6 3. d4 cxd4 4. Nxd4 e5 5. Nb5 a6 6. Nd6+ Bxd6 7. Qxd6 Qf6 8. Qc7 Nge7 9. Nc3 Nb4 10. Bd3 d5 11. Bd2 d4 12. Ne2 Nxd3+ 13. cxd3 Nc6 14. 0-0 0-0 15. f4 Qd8 16. Qxd8 Rxd8 17. Rac1 Bg4 18. Ng3 exf4 19. Bxf4 Nb4 20. Rc7 Rd7 21. Rxd7 Bxd7 22. Be5 Nc6 23. Bd6 Be6 24. a3 Rd8 25. Bf4 f6 26. Rc1 Rd7 27. h3 g6 28. Kf2 Bb3 29. Nf1 g5 30. Bg3 Kf7 31. Nd2 Be6 32. Nc4 Bxc4 33. Rxc4 h5 34. Kf3 Ke6 35. b4 Ke7 36. Rc5 Ke6 37. Ke2 Na7 38. h4 b6 39. Rc7 Rxc7 40. Bxc7 b5 41. hxg5 fxg5 42. Bd8 g4 43. Kf2 Nc6 44. Bb6 h4 45. Bc7 Kf6 46. Bb6 Kg6 47. Bc7 Kg5 48. Bd6 a5 49. bxa5 Nxa5 50. Be7+ Kh5 51. Bf6 Nc6 52. e5 Kg6 53. Bxh4 Nxe5 54. Ke2 Kf5 55. g3 Ke6 56. Bd8 Kd5 57. Ba5 Kc6 58. Kd2 Nf7 59. Ke2 Nh6 60. Kf2 Nf5 1/2-1/2

[Event "Niedersachsen-ch U16"]
[Site "Rotenburg"]
[Date "2012.04.04"]
[Round "8"]
[White "Oshionwu, Nelo"]
[Black "Aldegeerds, Julian"]
[Result "0-1"]
[WhiteElo "1696"]
[BlackElo "1733"]
[PlyCount "76"]
[EventDate "2012.03.31"]
[EventType "swiss"]
[EventRounds "9"]
[EventCountry "GER"]
[SourceTitle "EXT 2015"]
[Source "ChessBase"]
[SourceDate "2014.11.20"]
[SourceVersion "1"]
[SourceVersionDate "2014.11.20"]
[SourceQuality "1"]

1. e4 e5 2. d4 exd4 3. Qxd4 Nc6 4. Qe3 Nf6 5. Nc3 Bb4 6. Bd2 0-0 7. 0-0-0 Re8 8. Bc4 d6 9. Nge2 Bc5 10. Qf4 Ne5 11. Bb5 c6 12. Ba4 Ng6 13. Qf3 Bg4 14. Qg3 Bxe2 15. Nxe2 Nxe4 16. Qf3 Nxf2 17. Rdf1 Ne5 18. Qh5 Nxh1 19. Rxh1 Ng6 20. Ng3 Qh4 21. Bb3 Qxh5 22. Nxh5 d5 23. c4 dxc4 24. Bxc4 Be3 25. Rd1 Rad8 26. Bxe3 Rxd1+ 27. Kxd1 Rxe3 28. Ng3 Nf4 29. Kd2 Re5 30. Bf1 f6 31. Bc4+ Kf8 32. Bf1 Ke7 33. Kc3 Kd6 34. Kd4 c5+ 35. Kc3 b6 36. Nh1 Re1 37. Ng3 g6 38. Ne4+ Rxe4 0-1

[Event "Niedersachsen-ch op-B"]
[Site "Verden"]
[Date "2012.01.03"]
[Round "3"]
[White "Finke, Harald"]
[Black "Aldegeerds, Julian"]
[Result "1/2-1/2"]
[WhiteElo "1994"]
[BlackElo "1703"]
[PlyCount "82"]
[EventDate "2012.01.02"]
[EventType "swiss"]
[EventRounds "7"]
[EventCountry "GER"]
[SourceTitle "EXT 2021"]
[Source "ChessBase"]
[SourceDate "2020.10.23"]
[SourceVersion "1"]
[SourceVersionDate "2020.10.23"]
[SourceQuality "1"]

1. d4 d5 2. Nf3 Nf6 3. e3 Bf5 4. c4 e6 5. Qb3 Nc6 6. cxd5 exd5 7. Bd2 Rb8 8. Nc3 a6 9. Be2 Nb4 10. Rc1 Be7 11. Ne5 0-0 12. 0-0 Nc6 13. f4 Qd6 14. Bf3 Be4 15. Bxe4 Nxe4 16. Nxe4 dxe4 17. a3 g6 18. Qc4 Kg7 19. d5 f6 20. Nxc6 bxc6 21. Bb4 Rxb4 22. axb4 cxd5 23. Qxc7 Qxb4 24. Rfd1 Rd8 25. Ra1 Kf8 26. Rxa6 Qxb2 27. Ra7 Qb4 28. h3 d4 29. Rxd4 Rxd4 30. exd4 e3 31. d5 e2 32. Qxe7+ Qxe7 33. Rxe7 Kxe7 34. Kf2 Kd6 35. Kxe2 Kxd5 36. Kd3 f5 37. g3 h6 38. g4 Kc5 39. Kc3 Kd5 40. Kd3 h5 41. gxh5 gxh5 1/2-1/2

[Event "Niedersachsen-ch op"]
[Site "Verden"]
[Date "2011.01.04"]
[Round "5"]
[White "Heyne, Jan Hendrik"]
[Black "Aldegeerds, Julian"]
[Result "1/2-1/2"]
[WhiteElo "1769"]
[BlackElo "1577"]
[PlyCount "106"]
[EventDate "2011.01.02"]
[EventType "swiss"]
[EventRounds "7"]
[EventCountry "GER"]
[SourceTitle "EXT 2018"]
[Source "ChessBase"]
[SourceDate "2017.10.13"]
[SourceVersion "1"]
[SourceVersionDate "2017.10.13"]
[SourceQuality "1"]

1. d4 d5 2. Nf3 Nf6 3. c4 dxc4 4. e3 e6 5. Bxc4 a6 6. 0-0 c5 7. Nc3 b5 8. Bb3 Bb7 9. Re1 Be7 10. a3 0-0 11. Bc2 Nbd7 12. e4 Nb6 13. e5 Nfd5 14. dxc5 Nxc3 15. Qxd8 Rfxd8 16. cxb6 Nd5 17. Be4 Bc5 18. Bg5 Rd7 19. Bxd5 Bxd5 20. Be3 Bxe3 21. Rxe3 Rb8 22. Rc1 Kf8 23. Rec3 Bxf3 24. gxf3 Rxb6 25. Rc8+ Ke7 26. Rg8 Rbb7 27. Rcc8 Rd1+ 28. Kg2 Rb1 29. Rxg7 Rxb2 30. Ra8 Re2 31. f4 Re4 32. Rxa6 Rxf4 33. Rxh7 Rf5 34. Rh4 Rxe5 35. Rb4 Rd5 36. a4 Kf6 37. Ra5 bxa4 38. Rf4+ Ke5 39. Raxa4 f5 40. Rfc4 Rg7+ 41. Kf1 Rh7 42. h4 Rd1+ 43. Kg2 Rd3 44. Ra5+ Rd5 45. Rca4 Rxa5 46. Rxa5+ Kf4 47. Ra4+ Ke5 48. Kg3 Kf6 49. Ra8 Ke5 50. Rg8 Kf6 51. f4 Rg7+ 52. Rxg7 Kxg7 53. h5 Kh7 1/2-1/2

[Event "Niedersachsen-ch open"]
[Site "Verden"]
[Date "2010.01.04"]
[Round "4.55"]
[White "Hanemann, Henno"]
[Black "Aldegeerds, Julian"]
[Result "1-0"]
[WhiteElo "1838"]
[BlackElo "1378"]
[PlyCount "41"]
[EventDate "2010.01.03"]
[EventType "swiss"]
[EventRounds "7"]
[EventCountry "GER"]
[SourceTitle "EXT 2012"]
[Source "ChessBase"]
[SourceDate "2011.11.24"]
[SourceVersion "1"]
[SourceVersionDate "2011.11.24"]
[SourceQuality "1"]

1. e4 e5 2. Nf3 Nc6 3. Bc4 Nf6 4. d3 Bc5 5. c3 d6 6. 0-0 0-0 7. Bg5 Na5 8. b4 Nxc4 9. bxc5 Na5 10. d4 h6 11. Bh4 dxc5 12. Qa4 Nc6 13. d5 g5 14. Bg3 Ne7 15. Nxe5 Bd7 16. Qc2 c6 17. d6 Nc8 18. Nd2 Nxd6 19. Nxd7 Nfxe4 20. Nxe4 Nxe4 21. Nxf8 1-0

[Event "Niedersachsen-ch open"]
[Site "Verden"]
[Date "2010.01.03"]
[Round "2.61"]
[White "Petrov, Iouri"]
[Black "Aldegeerds, Julian"]
[Result "1/2-1/2"]
[WhiteElo "1443"]
[BlackElo "1378"]
[PlyCount "67"]
[EventDate "2010.01.03"]
[EventType "swiss"]
[EventRounds "7"]
[EventCountry "GER"]
[SourceTitle "EXT 2012"]
[Source "ChessBase"]
[SourceDate "2011.11.24"]
[SourceVersion "1"]
[SourceVersionDate "2011.11.24"]
[SourceQuality "1"]

1. d4 d5 2. Nf3 Nf6 3. Bf4 Bf5 4. e3 e6 5. Bd3 Bxd3 6. Qxd3 Bd6 7. Bg5 Nbd7 8. Nbd2 c6 9. 0-0 Qc7 10. h3 h6 11. Bxf6 Nxf6 12. c4 0-0-0 13. cxd5 exd5 14. Rfe1 Rhe8 15. Re2 Kb8 16. Rae1 g6 17. e4 Bf4 18. e5 Bxd2 19. Qxd2 Ne4 20. Qxh6 Rh8 21. Qc1 Qc8 22. Ng5 Qf5 23. Nxe4 dxe4 24. Rxe4 Rh7 25. Qf4 Qe6 26. b3 Rdh8 27. Qf6 Rxh3 28. gxh3 Qxh3 29. Qxh8+ Qxh8 30. e6 fxe6 31. Rxe6 Qxd4 32. Rxg6 Kc7 33. Re7+ Kb6 34. Rgg7 1/2-1/2